000 01306cam a2200361 i 4500
001 15722343
003 EG-ScBUE
005 20230601095253.0
008 090424s2009 gw 000 0 mul
020 _a9783037680063
035 _a(GyWOH)har080170766
040 _aDLC
_beng
_erda
_cDLC
_dEG-ScBUE
082 0 4 _222
_a725.51094
_bHOS
100 1 _aNickl-Weller, Christine,
_eauthor.
245 1 0 _aHospital architecture + design /
_cChristine Nickl-Weller, Hans Nickl (eds.).
250 _aFirst edition.
264 1 _a[Berlin] :
_bBraun,
_c[2009]
264 4 _cc2009
300 _a301 pages :
_bcolor illustrations, plans ;
_c25 cm
336 _2rdacontent
_atext
_btxt
337 _2rdamedia
_aunmediated
_bn
338 _2rdacarrier
_avolume
_bnc
500 _aIncludes Index.
650 7 _aHospital architecture
_zGermany.
_2BUEsh
_912985
650 7 _aHospital architecture
_zGermany.
_2BUEsh
_912986
650 7 _aArchitecture, Modern
_y21st century.
_2BUEsh
_912993
650 7 _aHospital Design and Construction
_zAustria
_xPictorial Works.
_2BUEsh
_912995
650 7 _aHospital Design and Construction
_zGermany
_xPictorial Works.
_2BUEsh
_912996
655 _vReading book
700 1 _aNickl, Hans,
_eauthor.
_913014
942 _2ddc
_cBB
999 _c13752
_d13752